Vybrané súdne rozhodnutia

Bibliographic Details
Format: Article
Language:Slovak
ISSN:1335-6674
Subjects:

MARC

LEADER 00000nab a2200000 a 4500
001 vtls008845922
003 SK-MaSNL
005 20260304140202.0
008 250505c2006 xo qr|p|||||||000 b|slo
015 |a SNBRB2006/09 
035 |a (uuid)376d1e01-159a-43c2-a28a-3c01aebc6ae1 
035 |a urn:nbn:sk:snk-ab30tp 
035 |a (urnnbn)urn:nbn:sk:snk:ar-a04ebe 
038 |a SNKBUCL 
040 |a SNKBUCL  |b slo  |c SNKBUCL  |e AACR2 
041 0 |a slo 
044 |a xo  |c SK 
080 |a 347.7  |2 1997 
080 |a 347.95  |2 1997 
245 0 0 |a Vybrané súdne rozhodnutia 
650 0 7 |a obchodné právo  |2 snkbucl  |9 2216 
650 0 7 |a súdne rozhodnutia a stanoviská  |2 snkbucl  |9 4638 
773 0 |t Obchodné právo  |g Roč. VII., č. 7-8 (2006), s. 140-149  |x 1335-6674 
850 |a Slovenská národná knižnica 
852 |a Slovenská národná knižnica 
954 |a odborná, vedecká literatúra pôvodná (slovenská)  |2 lita 
958 |a article2022 
958 |a SK 
958 |a OND 
958 |a EUIPO 
999 |c 2914058  |d 2915988